[Event "73. Deutsche Meisterschaft"]
[Site "Altenkirchen"]
[Date "2001.12.06"]
[Round "7"]
[White "Haensel, Thomas"]
[Black "Bischoff, Dieter"]
[Result "1/2-1/2"]
[WhiteElo "2259"]
[BlackElo "2313"]
[PlyCount "30"]


1. e4 d5 2. exd5 Nf6 3. d4 Nxd5 4. c4 Nb4 5. a3 N4c6 6. Be3 e5 7. d5 Ne7 8. Nc3
Nf5 9. Nf3 Nxe3 10. fxe3 Nd7 11. b4 b6 12. Be2 Be7 13. O-O O-O 14. e4 a5 15.
Qb3 Bd6 1/2-1/2

[Event "73. Deutsche Meisterschaft"]
[Site "Altenkirchen"]
[Date "2001.12.06"]
[Round "7"]
[White "Jugelt, Tobias"]
[Black "Bischoff, Klaus"]
[Result "1/2-1/2"]
[WhiteElo "2420"]
[BlackElo "2541"]
[PlyCount "37"]


1. d4 d6 2. e4 c6 3. Nf3 Bg4 4. Bd3 e6 5. O-O Nf6 6. Nbd2 Be7 7. c3 d5 8. exd5
Nxd5 9. Qb3 Qc7 10. Ne5 Bh5 11. Ne4 Nd7 12. Nxd7 Qxd7 13. Bd2 Bg6 14. Rad1 O-O
15. c4 Nf6 16. Nxf6+ Bxf6 17. Bxg6 hxg6 18. Bc3 Rfd8 19. Rd3 1/2-1/2

[Event "73. Deutsche Meisterschaft"]
[Site "Altenkirchen"]
[Date "2001.12.06"]
[Round "7"]
[White "Kleeschaetzky, Rainer"]
[Black "Muranyi, Karl Jasmin"]
[Result "1/2-1/2"]
[WhiteElo "2318"]
[BlackElo "2331"]
[PlyCount "46"]


1. e4 c6 2. d4 d5 3. e5 Bf5 4. h4 h5 5. c4 e6 6. Nc3 dxc4 7. Bxc4 Nd7 8. Nge2
Be7 9. Ng3 Bg4 10. f3 Bxh4 11. Nce4 Bf5 12. Nd6+ Kf8 13. Bf4 Nb6 14. Bb3 Bxg3+
15. Bxg3 Qg5 16. Kf2 h4 17. Bh2 Ne7 18. Nxb7 Nbd5 19. Qc1 Qg6 20. Nd6 Nb4 21.
Qd2 a5 22. Bc4 Rh5 23. g3 Nbd5 1/2-1/2

[Event "73. Deutsche Meisterschaft"]
[Site "Altenkirchen"]
[Date "2001.12.06"]
[Round "7"]
[White "Wolter, Kai, Dr."]
[Black "Knuth, Hannes"]
[Result "1/2-1/2"]
[WhiteElo "2295"]
[BlackElo "2313"]
[PlyCount "83"]


1. e4 c5 2. Nc3 Nc6 3. f4 e6 4. Nf3 d5 5. Bb5 d4 6. Ne2 Bd7 7. O-O a6 8. Bxc6
Bxc6 9. d3 Be7 10. Ne5 Qc7 11. b3 Nf6 12. Nxc6 Qxc6 13. f5 e5 14. a4 b5 15. Ng3
h5 16. axb5 axb5 17. Rxa8+ Qxa8 18. Bg5 h4 19. Bxf6 Bxf6 20. Nh5 Ke7 21. Nxf6
Kxf6 22. Qa1 Qb7 23. Qa5 Ra8 24. Qd2 Rh8 25. Qa5 c4 26. Qb4 Qc6 27. bxc4 bxc4
28. Ra1 cxd3 29. cxd3 h3 30. Qd2 hxg2 31. Rc1 Qa6 32. Kxg2 Rc8 33. h4 Ke7 34.
Qb4+ Ke8 35. Rxc8+ Qxc8 36. Qb5+ Kf8 37. Kf3 f6 38. Kg4 Qc1 39. Qb8+ Kf7 40.
Qb3+ Kf8 41. Qb4+ Kf7 42. Qb3+ 1/2-1/2

[Event "73. Deutsche Meisterschaft"]
[Site "Altenkirchen"]
[Date "2001.12.06"]
[Round "7"]
[White "Schlindwein, Rolf"]
[Black "Schulz, Karsten"]
[Result "1/2-1/2"]
[WhiteElo "2440"]
[BlackElo "2268"]
[PlyCount "56"]


1. e4 g6 2. h4 d5 3. h5 dxe4 4. hxg6 fxg6 5. Nc3 Nf6 6. Qe2 Nc6 7. Nxe4 Nxe4 8.
Qxe4 Bf5 9. Qa4 Qd4 10. Bb5 Qe4+ 11. Qxe4 Bxe4 12. Rh4 Bf5 13. Nf3 Bd7 14. c3
Bg7 15. d4 O-O-O 16. Ng5 Bf6 17. Rh1 Bxg5 18. Bxg5 Rdf8 19. Bh6 Rf7 20. Bc4 e6
21. f3 Re8 22. b4 Ne7 23. Kd2 Nf5 24. Bg5 Nd6 25. Bb3 Bb5 26. Rh6 Rd7 27. Bf6
Bc4 28. Re1 Bd5 1/2-1/2

[Event "73. Deutsche Meisterschaft"]
[Site "Altenkirchen"]
[Date "2001.12.06"]
[Round "7"]
[White "Christ, Ralf"]
[Black "Schramm, Christian"]
[Result "0-1"]
[WhiteElo "2272"]
[BlackElo "2359"]
[PlyCount "28"]


1. e4 e6 2. d4 d5 3. Nc3 Nf6 4. e5 Nfd7 5. Nce2 c5 6. c3 Nc6 7. f4 f6 8. Nf3
Be7 9. h4 O-O 10. Ng3 cxd4 11. cxd4 fxe5 12. fxe5 Qb6 13. Bd3 Bb4+ 14. Bd2 Nxd4
0-1

[Event "73. Deutsche Meisterschaft"]
[Site "Altenkirchen"]
[Date "2001.12.06"]
[Round "7"]
[White "von Herman, Ulf"]
[Black "Keilhack, Harald"]
[Result "1-0"]
[WhiteElo "2395"]
[BlackElo "2318"]
[PlyCount "111"]


1. d4 d5 2. c4 e6 3. Nf3 c5 4. cxd5 exd5 5. Nc3 Nc6 6. g3 Nf6 7. Bg2 Be7 8. O-O
O-O 9. dxc5 Bxc5 10. Bg5 d4 11. Ne4 Be7 12. Bxf6 Bxf6 13. Rc1 Be7 14. Ne1 Qb6
15. Nd3 Nb4 16. Nxb4 Qxb4 17. b3 Be6 18. Rc7 Rab8 19. Qd2 Qa3 20. Rfc1 Rfd8 21.
h4 h6 22. Nc5 Bxc5 23. R1xc5 b6 24. Rc2 a5 25. Qf4 Qb4 26. Be4 Qd6 27. Qxd6
Rxd6 28. Rd2 Rbd8 29. Kg2 Kf8 30. Kf3 R8d7 31. Rxd7 Rxd7 32. Kf4 Ke7 33. Bf5
Kf6 34. Bxe6 fxe6 35. Ke4 e5 36. Rc2 Rd6 37. h5 Ke6 38. Rc7 Kf6 39. f3 d3 40.
exd3 Rd4+ 41. Ke3 Rb4 42. Rc4 Rb5 43. Ke4 Ke6 44. g4 Kf6 45. Rc6+ Kf7 46. Kf5
Rd5 47. Rxb6 Rxd3 48. Rb7+ Kg8 49. Ke4 Rd2 50. a4 Re2+ 51. Kd3 Rf2 52. Ke3 Rb2
53. Rb5 Kf7 54. Ke4 Re2+ 55. Kf5 Re3 56. Rb7+ 1-0

[Event "73. Deutsche Meisterschaft"]
[Site "Altenkirchen"]
[Date "2001.12.06"]
[Round "7"]
[White "Singer, Christoph"]
[Black "Baramidze, David"]
[Result "1/2-1/2"]
[WhiteElo "2300"]
[BlackElo "2335"]
[PlyCount "106"]


1. d4 Nf6 2. Bf4 g6 3. c3 Bg7 4. e3 O-O 5. h3 d6 6. Nf3 Nbd7 7. Be2 b6 8. Nbd2
Bb7 9. O-O c5 10. a4 a6 11. Bh2 Bc6 12. b4 b5 13. bxc5 dxc5 14. c4 bxc4 15.
Bxc4 Nd5 16. a5 Nb4 17. Qb3 Bb5 18. Rfd1 Qc8 19. Rac1 Nc6 20. Ng5 Bxc4 21. Nxc4
cxd4 22. Nb6 Nxb6 23. axb6 Qb7 24. Rxc6 Qxc6 25. b7 Rad8 26. b8=Q Rxb8 27. Bxb8
Qc3 28. Rd3 Qe1+ 29. Kh2 Qxf2 30. exd4 Bxd4 31. Nf3 Bf6 32. Bg3 Qb2 33. Qxb2
Bxb2 34. Rd7 Re8 35. Ra7 e5 36. Rxa6 e4 37. Ne1 f5 38. Bf4 Kf7 39. Nc2 Re6 40.
Ra7+ Re7 41. Ra2 Be5 42. Bxe5 Rxe5 43. Ra7+ Re7 44. Ra5 Kf6 45. Ne3 Re5 46. Ra7
h5 47. Ra6+ Re6 48. Nd5+ Ke5 49. Ra5 Rd6 50. Nc3+ Kf4 51. Nd5+ Ke5 52. Nc3+ Kf4
53. Nd5+ Ke5 1/2-1/2

[Event "73. Deutsche Meisterschaft"]
[Site "Altenkirchen"]
[Date "2001.12.06"]
[Round "7"]
[White "Grafl, Florian"]
[Black "Gutman, Lev"]
[Result "1/2-1/2"]
[WhiteElo "2373"]
[BlackElo "2489"]
[PlyCount "105"]


1. e4 c5 2. Nf3 d6 3. d4 cxd4 4. Nxd4 Nf6 5. Nc3 a6 6. Be3 Ng4 7. Bc1 e5 8. Nb3
Qb6 9. Qe2 Be6 10. f3 Nf6 11. Be3 Qc7 12. g4 b5 13. g5 b4 14. Na4 Nfd7 15. Qf2
Qc6 16. Nb6 Nxb6 17. Na5 Qc8 18. Bxb6 Nd7 19. Be3 Be7 20. h4 Qc7 21. Nb3 a5 22.
Bd3 O-O 23. O-O f6 24. Nd2 fxg5 25. hxg5 Rf7 26. b3 Nf8 27. Bc4 Qd7 28. Qh2 Ng6
29. Kg2 Bxc4 30. Rh1 h6 31. bxc4 Qe6 32. Rag1 Bxg5 33. Bxg5 hxg5 34. Kf2 g4 35.
Qh7+ Kf8 36. Rh5 Ke7 37. Rg5 Nf4 38. R5xg4 d5 39. Qh4+ Kd7 40. exd5 Qb6+ 41.
Kf1 g6 42. Rxf4 exf4 43. Qg4+ Ke7 44. Ne4 Rg8 45. d6+ Kd8 46. Qh4+ Kc8 47. Rg5
Qd4 48. Rc5+ Kb7 49. Qg5 Rh8 50. Rb5+ Kc6 51. Rc5+ Kb7 52. Rb5+ Kc6 53. Rc5+
1/2-1/2

[Event "73. Deutsche Meisterschaft"]
[Site "Altenkirchen"]
[Date "2001.12.06"]
[Round "7"]
[White "Dunsbach, Ralf, Dr."]
[Black "Scherer, Max"]
[Result "0-1"]
[WhiteElo "2312"]
[BlackElo "2310"]
[PlyCount "170"]


1. Nf3 b6 2. g3 Bb7 3. Bg2 e6 4. c4 f5 5. d4 Nf6 6. O-O Bd6 7. Nc3 O-O 8. d5
Na6 9. e4 fxe4 10. Ng5 exd5 11. cxd5 Nc5 12. Ngxe4 Ncxe4 13. Nxe4 Nxe4 14. Bxe4
Qf6 15. Be3 Rae8 16. Qd3 g6 17. b3 a5 18. Bg2 Qf5 19. Rfd1 a4 20. Qxf5 gxf5 21.
bxa4 f4 22. Bxf4 Bxf4 23. gxf4 Rxf4 24. Rd2 Rxa4 25. Rc1 Ba6 26. h3 Rc4 27. Rb1
d6 28. Bf1 Ra4 29. Bxa6 Rxa6 30. Rc1 Re7 31. Rc4 Ra5 32. Kg2 Kf7 33. a4 Ke8 34.
f4 Kd7 35. Kf3 Rc5 36. Rcd4 Re1 37. f5 Ke7 38. Rh4 Kf6 39. Rxh7 Rf1+ 40. Kg2
Rxf5 41. h4 Kg6 42. Rd7 Rf4 43. Re2 Rxd5 44. Rxc7 Rxa4 45. Rb2 b5 46. Rb7 Rxh4
47. R7xb5 Rxb5 48. Rxb5 Rf4 49. Kg3 Rf6 50. Rb4 Rf5 51. Rb6 Rf6 52. Rb4 Rf5 53.
Rb6 Rd5 54. Kf4 Kf6 55. Ke3 Ke5 56. Rb8 Ra5 57. Rh8 Ra3+ 58. Kd2 d5 59. Rh5+
Kd4 60. Rh4+ Kc5 61. Rh8 Kc4 62. Rc8+ Kd4 63. Rd8 Ra2+ 64. Kd1 Rh2 65. Rd7 Kc4
66. Rd8 d4 67. Rd7 Kd3 68. Kc1 Rc2+ 69. Kd1 Ra2 70. Kc1 Rh2 71. Rd8 Rh1+ 72.
Kb2 Rh4 73. Kc1 Kc3 74. Rc8+ Kd3 75. Rd8 Rh1+ 76. Kb2 Rd1 77. Rd7 Ke2 78. Re7+
Kd2 79. Rd7 d3 80. Rd8 Re1 81. Rd7 Re8 82. Rb7 Kd1 83. Kc3 d2 84. Rh7 Kc1 85.
Ra7 Rc8+ 0-1

[Event "73. Deutsche Meisterschaft"]
[Site "Altenkirchen"]
[Date "2001.12.06"]
[Round "7"]
[White "Handke, Florian"]
[Black "Slobodjan, Roman"]
[Result "1/2-1/2"]
[WhiteElo "2407"]
[BlackElo "2522"]
[PlyCount "136"]


1. e4 d6 2. d4 Nf6 3. Bd3 e5 4. c3 Nc6 5. Nf3 g6 6. O-O Bg7 7. h3 O-O 8. Re1 a6
9. Nbd2 Nh5 10. Nb3 h6 11. Be3 Kh7 12. Nh2 Qh4 13. Nd2 Qe7 14. g4 Nf6 15. f4
exf4 16. Bxf4 b6 17. Qf3 Bb7 18. Qg3 Rae8 19. Nhf3 Nd8 20. e5 dxe5 21. Bxe5 Ne6
22. c4 b5 23. b3 bxc4 24. bxc4 Bxf3 25. Nxf3 Qd7 26. Rad1 Rc8 27. Bf1 Ne8 28.
c5 Qa4 29. Qf2 c6 30. Bxg7 N8xg7 31. Ne5 f5 32. Qe3 fxg4 33. hxg4 Rcd8 34. Bc4
Ng5 35. Qd3 Nf3+ 36. Nxf3 Rxf3 37. Qxf3 Qxc4 38. Qf6 Qc3 39. Qf2 Rd5 40. Re3
Qc4 41. Qe2 Qa4 42. Re7 h5 43. Rd3 Rg5 44. Kh1 Qc4 45. Rf3 Qxe2 46. Rxe2 Rxg4
47. d5 cxd5 48. Rc2 Nf5 49. c6 Nd4 50. c7 Nxf3 51. Rc1 Rh4+ 52. Kg2 Ne1+ 53.
Kg3 Rg4+ 54. Kh3 Nd3 55. c8=Q Nxc1 56. Qc7+ Kg8 57. Qxc1 Rc4 58. Qg5 Rc3+ 59.
Kg2 Rc2+ 60. Kf3 Kh7 61. Qxd5 Rc7 62. Qd6 Rf7+ 63. Kg3 a5 64. Qe6 Rf5 65. Qe7+
Kg8 66. Kh4 Kh8 67. Qe2 Kg7 68. Qd2 Kh7 1/2-1/2

[Event "73. Deutsche Meisterschaft"]
[Site "Altenkirchen"]
[Date "2001.12.06"]
[Round "7"]
[White "Naiditsch, Arkadij"]
[Black "Tischbierek, Raj"]
[Result "1-0"]
[WhiteElo "2524"]
[BlackElo "2493"]
[Annotator "Naiditsch"]
[PlyCount "55"]


1. e4 g6 2. d4 Bg7 3. Nc3 d6 4. Be3 a6 {
Der Zug ist momentan sehr populaer. Ich bin nicht sehr ueberzeugt von dem Zug..
} 5. Qd2 b5 6. h4 h5 {Ich denke, h6 ist vielleicht besser.} 7. f3 Nd7 8. Nh3 e6
{Hier stimmen mein Gegner und ich ueberein: Vermutlich der Anfang der Probleme.
} (8... c5 9. dxc5 Nxc5 10. Ng5 $14) 9. Ng5 Ne7 10. a4 b4 11. Ne2 a5 12. Nf4
Nf6 (12... Nb6 13. b3 {Und der Sb6 steht unguenstig.}) 13. Bb5+ c6 14. Be2 Qc7
15. O-O-O Bd7 (15... O-O 16. g4 e5 (16... hxg4 17. fxg4 e5 18. dxe5 dxe5 19.
Nxg6 {oder h5 mit starkem Angriff.}) 17. dxe5 dxe5 18. gxh5 exf4 19. Bxf4 Qa7
20. hxg6 $40) 16. g4 {Die schwarze Stellung ist schon kritisch.} 16... hxg4 17.
fxg4 Nh7 18. Nxh7 Rxh7 19. h5 O-O-O (19... g5 20. Nh3 f6 21. e5) 20. hxg6 Rxh1
21. Rxh1 Nxg6 $2 {Der endscheidende, letzte Fehler. Aber auch nach 21. - fg.
22. Th7 Tg8 23. Lc4 d5 24. La6 Kd8 25. e5 steht Schwarz auch auf Verlust.} 22.
Rh7 Nxf4 23. Ba6+ Kb8 24. Rxg7 Rh8 25. b3 Rh1+ 26. Kb2 Qb6 27. Bxf4 Qxa6 28.
Bxd6+ 1-0

[Event "73. Deutsche Meisterschaft"]
[Site "Altenkirchen"]
[Date "2001.12.06"]
[Round "7"]
[White "Hammes, Michael"]
[Black "Mueller, Karsten"]
[Result "1/2-1/2"]
[WhiteElo "2374"]
[BlackElo "2503"]
[PlyCount "76"]


1. d4 Nf6 2. Nf3 d5 3. c4 c6 4. Nc3 dxc4 5. a4 Bf5 6. Ne5 Nbd7 7. Nxc4 Nb6 8.
Ne5 e6 9. g3 Bb4 10. Bg2 Ne4 11. Bxe4 Bxe4 12. f3 f6 13. Nd3 Bxd3 14. Qxd3 c5
15. Qb5+ Qd7 16. dxc5 Qxb5 17. axb5 Bxc5 18. Ne4 Bb4+ 19. Bd2 Bxd2+ 20. Nxd2
Ke7 21. Kf2 Rhc8 22. Nb3 Rc2 23. Rhb1 Nc8 24. Na5 Nd6 25. b6 a6 26. Rc1 Rac8
27. Rxc2 Rxc2 28. b4 Rb2 29. Rc1 Rxb4 30. Rc7+ Kf8 31. Nxb7 Rxb6 32. Nc5 Nb5
33. Rc8+ Ke7 34. Ra8 Nc7 35. Rc8 {Ke7  Na4} 35... Rb4 {Nc5  a5} 36. Ke3 f5 37.
Nd3 Rb7 38. Rh8 {a4  Rxh7  a3  Nc1} 38... Nd5+ {
Kd3  Nxb4  Ke3  a2  Nxa2  Nxa2  Kf4  g5} 1/2-1/2

[Event "73. Deutsche Meisterschaft"]
[Site "Altenkirchen"]
[Date "2001.12.06"]
[Round "7"]
[White "Rabiega, Robert"]
[Black "Prusikhin, Mikhajlo"]
[Result "1/2-1/2"]
[WhiteElo "2503"]
[BlackElo "2502"]
[PlyCount "61"]


1. e4 c5 2. Nf3 e6 3. d3 Nc6 4. g3 Nf6 5. Bg2 Be7 6. O-O O-O 7. c3 d5 8. e5 Nd7
9. Re1 b5 10. h4 a5 11. Bf4 a4 12. a3 Nb6 13. Nbd2 Ra7 14. h5 h6 15. Qe2 Rd7
16. Nf1 d4 17. cxd4 Nxd4 18. Nxd4 cxd4 19. Qg4 Kh8 20. Nd2 Nd5 21. Ne4 b4 22.
Bd2 bxa3 23. bxa3 Ba6 24. Nd6 Bxd6 25. exd6 Rxd6 26. Qxd4 Nb6 27. Qc5 Nd5 28.
Ba5 Qd7 29. Qd4 Nf6 30. Qb2 Nd5 31. Qe5 1/2-1/2

[Event "73. Deutsche Meisterschaft"]
[Site "Altenkirchen"]
[Date "2001.12.06"]
[Round "7"]
[White "Braun, Arik"]
[Black "Levin, Felix"]
[Result "1-0"]
[WhiteElo "2229"]
[BlackElo "2531"]
[PlyCount "141"]


1. d4 Nf6 2. c4 e6 3. Nc3 Bb4 4. e3 c5 5. Nf3 O-O 6. Bd3 d5 7. O-O dxc4 8. Bxc4
Nbd7 9. a3 Ba5 10. Ne2 cxd4 11. Nexd4 e5 12. Nb5 e4 13. Nd2 Ne5 14. b4 Bb6 15.
Bb2 Qe7 16. Qb3 a6 17. Nc3 Nxc4 18. Qxc4 Be6 19. Qe2 Bg4 20. Nd5 Nxd5 21. Qxg4
f5 22. Qd1 Rfd8 23. Qb3 Qf7 24. Rfd1 Rac8 25. Nf1 Nf6 26. Rxd8+ Rxd8 27. Qc2
Qe6 28. Rc1 Kf7 29. h3 Rd6 30. Ng3 Rc6 31. Qd1 Rxc1 32. Qxc1 Bd8 33. Bxf6 Bxf6
34. Qc7+ Qe7 35. Qc8 g6 36. Nf1 Be5 37. Qc2 Qe6 38. Nd2 Qc6 39. Qa2+ Kg7 40. g3
b5 41. Kg2 h5 42. h4 Bf6 43. Nb3 Qc4 44. Qb1 Qe2 {Remisangebot} 45. Nc5 Bc3 46.
Qf1 Qxf1+ 47. Kxf1 a5 48. bxa5 Bxa5 49. Ne6+ Kf6 50. Nd4 g5 51. Nxb5 gxh4 52.
gxh4 Ke5 53. Nd4 Bb6 54. Ne2 Bd8 55. Nf4 Kd6 56. Ng6 Kc5 57. Kg2 Kc4 58. Kh3
Bc7 59. a4 Kb3 60. a5 Bxa5 61. Nf4 Kc4 62. Nxh5 Kd5 63. Nf4+ Ke5 64. h5 Be1 65.
Kg3 Kf6 66. h6 Kg5 67. h7 Bc3 68. Ne6+ Kg6 69. Kf4 Bf6 70. Nf8+ Kg7 71. Kxf5
1-0

[Event "73. Deutsche Meisterschaft"]
[Site "Altenkirchen"]
[Date "2001.12.06"]
[Round "7"]
[White "Bastian, Herbert"]
[Black "Kalinitschew, Sergej"]
[Result "1-0"]
[WhiteElo "2352"]
[BlackElo "2487"]
[PlyCount "217"]


1. e4 c6 2. d4 d5 3. exd5 cxd5 4. Bd3 Nc6 5. c3 Qc7 6. Ne2 Bg4 7. f3 Bd7 8. Qb3
Nf6 9. Bf4 e5 10. dxe5 Nxe5 11. Bxe5 Qxe5 12. Qxb7 Rb8 13. Qxa7 Rxb2 14. Qd4
Qc7 15. Qe3+ Be7 16. O-O Ba4 17. Qc1 Rb6 18. Nd2 O-O 19. Rb1 Bc5+ 20. Kh1 Re6
21. Nb3 Be3 22. Qa3 Ra8 23. Nbd4 Ree8 24. Qb2 Nd7 25. Nf5 g6 26. Nxe3 Rxe3 27.
Qd2 Rae8 28. Nd4 Nc5 29. Bb5 Bxb5 30. Nxb5 Qc6 31. Nd4 Qa4 32. h3 Rd3 33. Qb2
Ra8 34. Rfe1 Rxd4 35. cxd4 Nd3 36. Qb7 Nxe1 37. Rxe1 Qxa2 38. Kh2 Rf8 39. Re5
Qd2 40. Qxd5 Qf4+ 41. Kg1 Rc8 42. Re1 Qd2 43. Rf1 Qe3+ 44. Kh1 Rc2 45. Qe4 Qxe4
46. fxe4 Rd2 47. d5 f5 48. exf5 Rxd5 49. fxg6 hxg6 50. Rf6 Kg7 51. Ra6 Kh6 52.
Kh2 Rd3 53. Ra4 Kg5 54. Rg4+ Kf5 55. Rg3 Rd4 56. Ra3 Kg5 57. Kg3 Kh5 58. Re3
Ra4 59. Kf3 g5 60. Re8 Rf4+ 61. Ke3 Rf1 62. Rh8+ Kg6 63. Ke2 Rf6 64. Rd8 Rf4
65. g4 Rf6 66. Rd5 Ra6 67. Ke3 Re6+ 68. Kd4 Re1 69. Rd6+ Kg7 70. Rc6 Rh1 71.
Rc3 Kf6 72. Rf3+ Kg6 73. Ke4 Re1+ 74. Re3 Ra1 75. Ke5 Ra5+ 76. Ke6 Ra6+ 77. Ke7
Kg7 78. Rd3 Ra7+ 79. Ke6 Kg6 80. Ke5 Ra5+ 81. Ke4 Ra4+ 82. Rd4 Ra3 83. Rd6+ Kg7
84. Rd3 Ra5 85. Rd5 Ra4+ 86. Kf5 Ra3 87. Kxg5 Rxh3 88. Rd7+ Kf8 89. Kg6 Ra3 90.
g5 Ra6+ 91. Kh7 Ra1 92. Rb7 Rh1+ 93. Kg6 Rg1 94. Rb8+ Ke7 95. Rg8 Ra1 96. Kg7
Ke6 97. g6 Kf5 98. Rb8 Ra7+ 99. Kh6 Ra6 100. Rf8+ Kg4 101. Kh7 Kg5 102. g7 Rh6+
103. Kg8 Ra6 104. Rb8 Rf6 105. Rb1 Ra6 106. Kh7 Rh6+ 107. Kg8 Ra6 108. Rg1+ Kh6
109. Kh8 1-0

[Event "73. Deutsche Meisterschaft"]
[Site "Altenkirchen"]
[Date "2001.12.07"]
[Round "8"]
[White "Bischoff, Klaus"]
[Black "Hammes, Michael"]
[Result "1-0"]
[WhiteElo "2541"]
[BlackElo "2374"]
[PlyCount "53"]


1. d4 e6 2. c4 Nf6 3. Nf3 d5 4. Nc3 Be7 5. Bg5 O-O 6. e3 Nbd7 7. Qc2 c6 8. cxd5
exd5 9. Bd3 Re8 10. h3 Nf8 11. Bf4 Bd6 12. Bxd6 Qxd6 13. O-O-O Be6 14. Kb1 Re7
15. Rc1 Rae8 16. Ka1 Bc8 17. g4 a6 18. Rhg1 Ng6 19. g5 Ne4 20. h4 c5 21. h5 Nf8
22. dxc5 Nxc5 23. Nb5 axb5 24. Qxc5 Qe6 25. Qb4 Bd7 26. h6 f6 27. Nd4 1-0

[Event "73. Deutsche Meisterschaft"]
[Site "Altenkirchen"]
[Date "2001.12.07"]
[Round "8"]
[White "Keilhack, Harald"]
[Black "Knuth, Hannes"]
[Result "0-1"]
[WhiteElo "2318"]
[BlackElo "2313"]
[PlyCount "80"]


1. Nf3 g6 2. d4 Bg7 3. c4 c5 4. Nc3 cxd4 5. Nxd4 Nc6 6. Nc2 d6 7. g3 Be6 8. Ne3
Bxc3+ 9. bxc3 Nf6 10. Bg2 O-O 11. Nd5 Nd7 12. Bh6 Re8 13. h4 Nde5 14. h5 Nxc4
15. Nf4 Qd7 16. hxg6 hxg6 17. Nxe6 Qxe6 18. Kf1 Qf6 19. Bd5 Nb6 20. Bb3 d5 21.
Qc1 Rac8 22. Bg5 Qg7 23. Bh6 Qh8 24. Rh4 Na5 25. Bd2 Qf6 26. Be1 Nac4 27. Qh6
Qg7 28. Qg5 f6 29. Qg4 f5 30. Qg5 Nd6 31. Qe3 e6 32. f3 Kf7 33. Qd4 g5 34. Rh2
Rh8 35. Rxh8 Rxh8 36. Qxg7+ Kxg7 37. Bf2 Nbc4 38. Bxc4 Nxc4 39. Bxa7 b6 40. Kf2
Ra8 0-1

[Event "73. Deutsche Meisterschaft"]
[Site "Altenkirchen"]
[Date "2001.12.07"]
[Round "8"]
[White "Scherer, Max"]
[Black "Kalinitschew, Sergej"]
[Result "1/2-1/2"]
[WhiteElo "2310"]
[BlackElo "2487"]
[PlyCount "76"]


1. c4 b6 2. Nc3 Bb7 3. e4 e6 4. g3 f5 5. Bg2 Nf6 6. d3 Bb4 7. Bd2 fxe4 8. Nxe4
Bxd2+ 9. Qxd2 Bxe4 10. dxe4 e5 11. Ne2 Nc6 12. O-O O-O 13. b4 Qe7 14. a3 a5 15.
b5 Nd8 16. Nc3 Kh8 17. Nd5 Nxd5 18. exd5 Qd6 19. Rae1 Nf7 20. Qd3 Rad8 21. h4
Qh6 22. Re4 d6 23. f4 Rg8 24. Bh3 exf4 25. gxf4 Qxh4 26. Be6 Rgf8 27. Re3 Nh6
28. Rh3 Qe7 29. Rf2 Rf6 30. f5 Rdf8 31. Rh5 Ng4 32. Qh3 Nh6 33. Rh2 Re8 34. Qc3
Ref8 35. Qd3 Qe8 36. R2h3 Qe7 37. Kg2 Qe8 38. Kg1 Qe7 1/2-1/2

[Event "73. Deutsche Meisterschaft"]
[Site "Altenkirchen"]
[Date "2001.12.07"]
[Round "8"]
[White "Tischbierek, Raj"]
[Black "Espig, Lutz"]
[Result "1-0"]
[WhiteElo "2493"]
[BlackElo "2411"]
[PlyCount "87"]


1. e4 c5 2. Nf3 e6 3. d4 cxd4 4. Nxd4 a6 5. Nc3 Qc7 6. Bd3 Nf6 7. O-O Nc6 8.
Be3 Ne5 9. h3 Bc5 10. Kh1 d6 11. f4 Nc6 12. e5 Nxe5 13. Ndb5 axb5 14. fxe5 dxe5
15. Bxb5+ Ke7 16. Bg5 h6 17. Bh4 Be3 18. Qf3 Bf4 19. Bf2 h5 20. Na4 e4 21. Qb3
e3 22. Bxe3 Bxe3 23. Qxe3 Ra5 24. c4 Bd7 25. Nc3 Bc6 26. Rad1 Kf8 27. Rf4 Rh6
28. Qc5+ Kg8 29. Qd6 Qxd6 30. Rxd6 Bxb5 31. cxb5 e5 32. Rc4 Ra8 33. Rb6 Rd8 34.
Rxb7 Rd2 35. Rb8+ Kh7 36. Rcc8 Rxb2 37. a4 Nd7 38. Rh8+ Kg6 39. Rxh6+ Kxh6 40.
Rd8 Nc5 41. Rd5 Nb3 42. b6 Nd2 43. Rxd2 Rxd2 44. b7 1-0

[Event "73. Deutsche Meisterschaft"]
[Site "Altenkirchen"]
[Date "2001.12.07"]
[Round "8"]
[White "Muranyi, Karl Jasmin"]
[Black "Schramm, Christian"]
[Result "1-0"]
[WhiteElo "2331"]
[BlackElo "2359"]
[PlyCount "72"]


1. d4 Nf6 2. c3 g6 3. Bf4 Bg7 4. e3 d6 5. h3 O-O 6. Nf3 b6 7. Be2 Bb7 8. Nbd2
Nbd7 9. O-O Qe8 10. Bh2 e5 11. b4 Kh8 12. a4 Nh5 13. Qb3 e4 14. Ne1 f5 15. Bxh5
gxh5 16. Bf4 h4 17. a5 a6 18. axb6 Nxb6 19. Ra5 Qg6 20. c4 Rg8 21. b5 Qf7 22.
Bxd6 Nxc4 23. Qxc4 Qxc4 24. Nxc4 Bd5 25. b6 Bxc4 26. Bxc7 f4 27. Bxf4 Rab8 28.
Bxb8 Rxb8 29. Rc5 Bxf1 30. Kxf1 Bf8 31. Rc6 a5 32. Nc2 a4 33. Ke2 a3 34. Kd2 a2
35. Kc3 Be7 36. Kc4 Kg7 1-0

[Event "73. Deutsche Meisterschaft"]
[Site "Altenkirchen"]
[Date "2001.12.07"]
[Round "8"]
[White "Bastian, Herbert"]
[Black "Lobron, Eric"]
[Result "0-1"]
[WhiteElo "2353"]
[BlackElo "2524"]
[PlyCount "60"]


1. e4 d6 2. d4 Nf6 3. Bd3 e5 4. c3 d5 5. dxe5 Nxe4 6. Nf3 Nc6 7. Qe2 Nc5 8. Bc2
Bg4 9. O-O Qd7 10. h3 Bh5 11. Re1 d4 12. Rd1 O-O-O 13. cxd4 Bxf3 14. Qxf3 Nxd4
15. Rxd4 Qxd4 16. Nc3 Qxe5 17. Bf4 Qf6 18. Ne4 Qxb2 19. Rc1 Ne6 20. Ng5 Nxf4
21. Qxf4 Bd6 22. Qf5+ Kb8 23. Rb1 Rhe8 24. g3 Qe5 25. Qf3 c6 26. Nxf7 Qc5 27.
Nxd8 Rxd8 28. Bxh7 Rf8 29. Qg2 Be5 30. Be4 Rxf2 0-1

[Event "73. Deutsche Meisterschaft"]
[Site "Altenkirchen"]
[Date "2001.12.07"]
[Round "8"]
[White "Schulz, Karsten"]
[Black "Grafl, Florian"]
[Result "1/2-1/2"]
[WhiteElo "2268"]
[BlackElo "2373"]
[PlyCount "88"]


1. g3 e5 2. Bg2 d6 3. c4 Nc6 4. Nc3 g6 5. e3 Bg7 6. Nge2 f5 7. d3 Nf6 8. O-O
O-O 9. b3 g5 10. f4 h6 11. Qd2 Ne7 12. Bb2 c6 13. Rae1 Ng6 14. Nd1 Qc7 15. Nf2
Be6 16. Bc3 Rae8 17. Rc1 Qd8 18. Rfe1 Bc8 19. Bb2 Rf7 20. d4 e4 21. d5 c5 22.
Nh3 Ng4 23. Bxg7 Rxg7 24. Nc3 gxf4 25. exf4 Qf6 26. Rcd1 Nh8 27. Nf2 Nxf2 28.
Kxf2 Qg6 29. Re3 h5 30. Rde1 Rf8 31. Rg1 b6 32. h4 Kh7 33. Bh3 Rfg8 34. Ne2 Qf6
35. Qc3 Qd8 36. Rh1 Ng6 37. Bf1 Rb7 38. Ng1 Nf8 39. Nh3 Kg6 40. Be2 Nh7 41. Ng5
Nf6 42. Rd1 Bd7 43. a4 a6 44. Ra1 a5 1/2-1/2

[Event "73. Deutsche Meisterschaft"]
[Site "Altenkirchen"]
[Date "2001.12.07"]
[Round "8"]
[White "Dunsbach, Dr., Ralf"]
[Black "Christ, Ralf"]
[Result "0-1"]
[WhiteElo "2312"]
[BlackElo "2272"]
[PlyCount "92"]


1. d4 Nf6 2. Nf3 g6 3. c4 Bg7 4. Nc3 d5 5. cxd5 Nxd5 6. e4 Nxc3 7. bxc3 c5 8.
Be3 Bg4 9. Rc1 Qa5 10. Qd2 Nc6 11. d5 Rd8 12. c4 Nb4 13. a3 Qxa3 14. Bxc5 Nc2+
15. Rxc2 Qxc5 16. Be2 O-O 17. O-O b6 18. Rb1 Bxf3 19. Bxf3 Rc8 20. Rb5 Qd4 21.
Qxd4 Bxd4 22. Be2 Rfd8 23. Rd2 e5 24. Ra2 a5 25. Ra4 Rd6 26. Kf1 Kg7 27. Bd3
Rf8 28. Ke2 f5 29. f3 Kf6 30. Rb1 Rc8 31. Rf1 h5 32. h4 f4 33. Rh1 Rg8 34. Ra2
Bc5 35. Bc2 Ke7 36. Ba4 Rf6 37. Rh3 g5 38. hxg5 Rxg5 39. Kf1 Rh6 40. Bb5 Kd6
41. Ra4 Rg8 42. Bc6 Kc7 43. Bb5 h4 44. Ra2 Rg3 45. Ba6 Rxh3 46. gxh3 Rg6 0-1

[Event "73. Deutsche Meisterschaft"]
[Site "Altenkirchen"]
[Date "2001.12.07"]
[Round "8"]
[White "Berezovsky, Igor"]
[Black "Hertneck, Gerald"]
[Result "1/2-1/2"]
[WhiteElo "2432"]
[BlackElo "2570"]
[PlyCount "102"]


1. e4 e6 2. d4 d5 3. Nc3 Bb4 4. exd5 exd5 5. Bd3 Nc6 6. a3 Be7 7. Bf4 a6 8.
Nce2 Bg4 9. c3 Nf6 10. f3 Bh5 11. Ng3 Bg6 12. N1e2 Bxd3 13. Qxd3 g6 14. b4 h5
15. O-O h4 16. Nh1 Nh5 17. Nf2 Nxf4 18. Nxf4 Qd6 19. Qe3 Kf8 20. N4d3 Kg7 21.
Ng4 Rae8 22. Rae1 Qd8 23. Nde5 Nxe5 24. dxe5 h3 25. g3 Qd7 26. Nf6 Bxf6 27.
exf6+ Kh7 28. Qf4 Qf5 29. Qh4+ Qh5 30. Kf2 Rhf8 31. Qxh5+ gxh5 32. g4 Kg6 33.
Kg3 Re6 34. Kxh3 Rxf6 35. gxh5+ Kh6 36. f4 Rf5 37. Re5 Rxh5+ 38. Rxh5+ Kxh5 39.
Re1 Rd8 40. Re7 d4 41. cxd4 Rxd4 42. Rxc7 Rd3+ 43. Kg2 b5 44. Rxf7 Rxa3 45. Rf6
Rb3 46. Rxa6 Kg4 47. Rf6 Rb2+ 48. Kf1 Rxh2 49. Ke1 Rb2 50. Kd1 Rxb4 51. Kc2
Rxf4 1/2-1/2